00648 2200253 4500001002100000005001500021035002000036007000300056008004100059020001800100082001000118084001600128100001800144245005100162260003600213300002500249650002400274990001600298990001600314990001600330990001600346990001600362990001600378INLIS00000000000092220190221055907 a0010-1118000283ta190221 g 0 ind  a979-421-495-7 a371.1 a371.1 ANA p0 aAnas Sudijono1 aPengantar evaluasi pendidikan /cAnas Sudijono aJakarta :bRajawali Pers,c2011 avii, 488 p. ;c21 cm aevaluasi pendidikan a00000003443 a00000003679 a00000003679 a00000003443 a00000003443 a00000003679